<The> frontiers of international business.
Rozhodnutia firiem o ich internacionalizácii a lokalizácii sa rozpracovávajú do širšej koncepcie zahrňujúcej najdôležitejšie premenné navrhované odborníkmi pre analýzu podnikov. Uplatnenie interdisciplinárnych trendov zahrňujúcich premenné, ako je kultúra podnikov a spolupráca medzi nimi.
Guardado en:
| Autor principal: | |
|---|---|
| Formato: | Capítulo de libro |
| Lenguaje: | inglés |
| Materias: | |
| Etiquetas: |
Sin Etiquetas, Sea el primero en etiquetar este registro!
|
MARC
| LEADER | 00000naa a2200000 4500 | ||
|---|---|---|---|
| 001 | r006122 | ||
| 005 | 20221130113134.7 | ||
| 041 | 0 | |a eng | |
| 044 | |a DE | ||
| 245 | 1 | 0 | |a <The> frontiers of international business. |c P.J. Buckley |
| 520 | |a Rozhodnutia firiem o ich internacionalizácii a lokalizácii sa rozpracovávajú do širšej koncepcie zahrňujúcej najdôležitejšie premenné navrhované odborníkmi pre analýzu podnikov. Uplatnenie interdisciplinárnych trendov zahrňujúcich premenné, ako je kultúra podnikov a spolupráca medzi nimi. | ||
| 610 | 2 | 0 | |a podnikanie v zahraničí |
| 610 | 2 | 0 | |a podnik medzinárodný |
| 610 | 2 | 0 | |a rozhodovanie podnikové |
| 610 | 2 | 0 | |a internacionalizácia ekonomiky |
| 610 | 2 | 0 | |a výskum |
| 610 | 2 | 0 | |a analýza komparatívna |
| 610 | 2 | 0 | |a investície zahraničné |
| 610 | 2 | 0 | |a joint ventures |
| 610 | 2 | 0 | |a obchod medzinárodný |
| 100 | 1 | |a Buckley, P.J. | |